000 01019nam a2200313 i 4500
001 1752
003 KOSZ 005
005 20200630132816.0
008 s1981 pl f |000 0 pol
020 _a8301008326
020 _a8301008334
040 _cBPK
_dKOSZ 005/EG
041 _apol
046 _k1981
080 _a517
080 _a(075.8)
080 _a(076)
245 1 0 _aĆwiczenia z analizy matematycznej z zastosowaniami :
_bpraca zbiorowa.
_nT. 2 /
_cpod red. Lucjana Siewierskiego.
260 _aWarszawa :
_bPaństwowe Wydaw. Naukowe,
_c1981.
300 _a561, [1] s. ;
_c25 cm.
380 _aKsiążki.
655 4 _aĆwiczenia i zadania dla szkół wyższych
655 4 _aPodręczniki akademickie
650 4 _aAnaliza matematyczna
700 1 _aSiewierski, Lucjan.
_eRedakcja
710 2 _aPaństwowe Wydawnictwo Naukowe
_4pbl.
856 _uhttp://koha.tu.koszalin.pl/cgi-bin/koha/opac-detail.pl?biblionumber=1752
_yKatalog online BPK
942 _2UKD
_cKS
999 _c1752
_d1752